000 01174cam a2200313 a 4500
001 000012108
005 20200929162710.0
008 010103s2000 ho b 001 0bspa
020 _a9992610077
040 _aDO-SdBNP
_bspa
_cDLC
_dBNPHU
082 _a923.2
_bC828ó
100 1 _aCortés, Carlos R.
_928610
245 1 0 _aObra educativa relevante del Dr. José Ramón Rosa /
_cCarlos R. Cortés.
246 3 0 _aDr. José Ramón Rosa
246 1 4 _aObra educativa relevante del Doctor Ramón Rosa
260 _aTegucigalpa, (Honduras) :
_bCultura,
_c2000.
300 _a300 p. ;
_c21 cm.
490 1 _aArca de Noe
500 _a"Tema leído ante la Honorable Asemblea General de la Academia Hondureña de la Lengua."
504 _aIncluye referencias bibliográficas (p. 290-300).
600 1 4 _aROSA, RAMÓN,
_d1848-1893
_93508
600 1 4 _aROSA, RAMÓN
_d1848-1893
_xPENSAMIENTO EDUCATIVO
_928611
650 4 _aPolítica educativa
_zHonduras
_928612
650 4 _aEducación
_zHonduras
_928613
710 2 _aAcademia Hondureña de la Lengua.
_bAsemblea General.
_928614
830 0 _aArca de Noe.
_928615
910 _aCatalogación por copia / LC
049 _aBNGR
999 _c11773
_d11773